000 00612nam a2200217Ia 4500
008 101110s9999 xx 000 0 und d
041 _aENGLISH
082 _bSR34802
100 _aRosen Kenneth H.
245 _aDiscrete mathematics & its applications, 6th ed
260 _c2007
_bTata McGraw Hill Education, New delhi
300 _a918
365 _b435
520 _aMaths/Stats
546 _aENGLISH
630 _aDiscrete mathematics & its applications, 6th ed
650 _aMaths/Stats
655 _aMaths/Stats
730 _aDiscrete mathematics & its applications, 6th ed
942 _cBOOK
999 _c827303
_d827300